Wellness hotel

Salvato in:
Dettagli Bibliografici
Autore principale: Šimčáková, Katarína (Autore)
Altri autori: Chmúrny, Ivan (Relatore della tesi)
Natura: Manoscritto Libro
Lingua:slovacco
Pubblicazione: 2015
Soggetti:
Accesso online:http://is.stuba.sk/zp/portal_zp.pl?podrobnosti=110569
https://opac.crzp.sk/?fn=detailBiblioForm&sid=78283B71680DBAF21443D41D22D4
Tags: Aggiungi Tag
Nessun Tag, puoi essere il primo ad aggiungerne!!

MARC

LEADER 00000ntm a22000003a 4500
001 stuzp51144
003 SK-STU
005 20231113160935.4
007 ta
008 150427s2015----xo-----f-mn---000-0-slo-d
040 |a STU  |b slo 
041 0 |a slo 
100 1 |a Šimčáková, Katarína  |u 010180  |4 aut  |U SvF Stavebná fakulta  |T SvF Katedra konštrukcií pozemných stavieb  |X 64064  |U V180  |Y 18  |7 64064 
242 0 1 |a Wellness hotel  |y eng 
245 1 0 |a Wellness hotel 
260 |c 2015 
650 4 |a wellness  |2 slo 
650 4 |a terasa  |2 slo 
650 4 |a kongres  |2 slo 
650 4 |a wellness  |2 eng 
650 4 |a terrace  |2 eng 
650 4 |a congress  |2 eng 
700 1 |a Chmúrny, Ivan  |4 ths  |X 865  |7 A000000865 
856 4 |u http://is.stuba.sk/zp/portal_zp.pl?podrobnosti=110569 
856 4 |u https://opac.crzp.sk/?fn=detailBiblioForm&sid=78283B71680DBAF21443D41D22D4 
SQL |a stuzp51144  |b DDP  |c SLO  |d Wellness hotel  |e 64064  |f Šimčáková, Katarína  |g 010180  |h 865  |i Chmúrny, Ivan  |j 20150618  |k 8  |l 01  |m http://is.stuba.sk/zp/portal_zp.pl?podrobnosti=110569  |n I-AKP  |o 5.1.4. pozemné stavby